Представление документа в формате RUSMARC

ПолеНазваниеЗначение
  Тип записи c
  Библиографический уровень m
001 Контрольный номер RU/IS/BASE/485434245
005 Дата корректировки 20250922135440.1
010 Индекс ISBN __
b Уточнения в пер.
100 Данные общей обработки __
a Данные общей обработки 20150520d1972 u y0rusy0189||||ca
101 Язык документа 0_
a Язык текста rus
f Язык титульного листа rus
102 Страна публикации __
a Страна публикации RU
105 Кодированные данные (монография) __
a Кодированные данные (монография) y###||||000|y
200 Заглавие и сведения об ответственности 1_
a Заглавие Пение в школе
b Общее обозначение материала [Ноты]
e Сведения, относящиеся к заглавию пособие для учителя
e Сведения, относящиеся к заглавию пение в сопровожд. фп.
f Первые сведения об ответственности сост. Т. Бейдер и Л. Левандовская
210 Выходные данные 1_
a Место издания Москва
c Издательство Музыка
d Дата издания 1972-
215 Физическое описание __
d Формат 29 см
686 Индексы других классификаций __
a Классификационный индекс 85.98(2)я71
2 Код системы rubbk
801 Источник записи _0
a Страна RU
b Организация Ульяновская ОНБ
c Дата составления 20150520
g Правила каталогизации RCR
801 Источник записи _1
a Страна RU
b Организация Ульяновская ОНБ
c Дата составления 20150520
g Правила каталогизации RCR
901 Тип документа __
t Тип документа v
909 Создатель записи __
a Создатель записи Никитина Т. А.
938 Служебная информация __
a Имя БД noti
b Имя библиотеки УОНБ
c Имя АИБС МАРК-SQL
d Номер DOC_ID в БД 13261